|
|
|
|
| LEADER |
00000nab a2200000 a 4500 |
| 001 |
vtls011734941 |
| 003 |
SK-MaSNL |
| 005 |
20260303082244.0 |
| 008 |
180108|20171227xo zr|p 000 0 slo |
| 038 |
|
|
|a KEVKJB
|
| 040 |
|
|
|a KEVKJB
|b slo
|c KEVKJB
|e AACR2
|
| 041 |
0 |
|
|a slo
|
| 044 |
|
|
|a xo
|c SK
|
| 080 |
|
|
|a 796.966.071.2
|2 2011
|
| 100 |
1 |
|
|a Tóth, Tomáš
|4 aut
|9 822529
|
| 245 |
1 |
0 |
|a Peter Bartoš z majstrovskej cigary nikdy nepotiahol
|b košický klub zajtra ocení hráča, ktorý bol v drese oceliarov pri piatich tituloch
|c Tomáš Tóth
|
| 300 |
|
|
|b Fotogr.
|
| 600 |
1 |
7 |
|a Bartoš, Peter,
|d 1973-
|2 kevkjb
|9 193956
|
| 650 |
0 |
7 |
|a ľadový hokej
|2 kevkjb
|9 3231
|
| 651 |
|
7 |
|a Košice (Slovensko)
|2 kevkjb
|9 18694
|
| 773 |
0 |
|
|t KOŠICE:DNES
|g Roč. 4, č. 244 (27.12.2017), s. 16
|x 1339-7605
|
| 852 |
|
|
|a KEVKJB
|b KIS3GCP
|
| 856 |
4 |
1 |
|u https://kosicednes.sk/hokej/peter-bartos-z-majstrovskej-cigary-nikdy-nepotiahol/
|
| 999 |
|
|
|c 1787301
|d 1789231
|